Evaluación del crecimiento y levante de neonatos y juveniles de Crocodylus acutus cuvier, (Crocodylia: Crocodylidae) durante 1987-1988 en el centro experimental de fauna silvestre de San Marcos (Sucre) (Registro nro. 16177)

Detalles MARC
000 -CABECERA
Campo de control 005200000a22001210004500
090 ## - CLASIFICACIÓN LOCAL
Colección AS
Consecutivo Seriadas
041 0# - IDIOMA
Código de idioma para texto/pista de sonido o título separado
100 1# - ASIENTO PRINCIPAL--NOMBRE PERSONAL
Nombre personal Rodríguez A., Eduardo
245 10 - MENCION DE TITULO
Título Evaluación del crecimiento y levante de neonatos y juveniles de Crocodylus acutus cuvier, (Crocodylia: Crocodylidae) durante 1987-1988 en el centro experimental de fauna silvestre de San Marcos (Sucre)
700 1# - ASIENTO SECUNDARIO - NOMBRE PERSONAL
Nombre personal Rodríguez M., Miguel A.
773 1# - Item fuente:
Título Trianea
Datos de la serie Acta Científica y Tecnológica
Descripción física 2
Paginas del Articulo 53-60
Lugar, editorial y fecha de publicación 1989
942 ## - ELEMENTOS ADICIONALES (KOHA)
Tipo de ítem Artículo

No hay ítems disponibles.